Statistics for Largest 20 Towns in Cornwall by population (2011)

Click here to take the quiz!

General Stats

  • This quiz has been taken 166 times
  • The average score is 14 of 20

Answer Stats

RankPopulationAnswer% Correct
519732Truro
95%
616436Penzance
94%
1110002St Ives
91%
422189Newquay
85%
134864St Austell
85%
914614Bodmin
84%
227660Falmouth
84%
326212Camborne
78%
716102Redruth
78%
205091Bude
70%
815566Saltash
66%
1011311Helston
62%
177597Launceston
62%
195112Looe
62%
186599Wadebridge
60%
158210Hayle
58%
139237Liskeard
57%
148839Penryn
40%
167717Torpoint
29%
129958St Blazey
28%

Score Distribution

Percentile by Number Answered

Percent of People with Each Score

Your Score History

You have not taken this quiz